Quizlendrier de l'Avent #17 - Paroles - Last Christmas - Statistiques

Statistiques générales
  • Ce quiz a été pris 628 fois
    627 depuis la dernière actualisation
  • Le résultat moyen est 263 sur 370
Statistiques - réponses
Paroles % Correct
Last
99%
Christmas
98%
Christmas"
98%
I
98%
I'
98%
"I
98%
m
98%
you
98%
you",
98%
you'
98%
You'
98%
a
96%
A
96%
my
96%
My
96%
heart
95%
t
95%
the
92%
d
91%
s
91%
ve
90%
very
90%
gave
89%
give
89%
next
89%
day
88%
away
87%
it
87%
it'
87%
But
83%
but
83%
me
83%
me?
83%
Me?
83%
So
83%
This
83%
to
83%
special
81%
Special
81%
year,
81%
year
81%
someone
80%
ll
76%
from
73%
tears
69%
save
68%
love
57%
and
52%
on
48%
do
47%
we'
43%
Tell
38%
been
37%
baby,
36%
baby
36%
recognize
36%
again
34%
know
34%
eye
32%
Now
32%
now,
32%
now
32%
doesn'
31%
fool
31%
in
31%
twice
31%
what
31%
surprise
30%
catch
29%
if
29%
keep
29%
Once
29%
Well,
29%
distance,
28%
shy
28%
still
28%
With
28%
with
28%
your
28%
"Merry
26%
was
26%
lover
25%
meant
25%
cry
24%
face
24%
real
24%
bitten
23%
his
23%
kissed
23%
man
22%
were
22%
fire
21%
guess
21%
of
21%
saying
21%
cover
20%
rely
20%
sent
20%
shoulder
20%
under
20%
apart
19%
note
19%
up
19%
wrapped
19%
never
18%
Oh,
18%
oh,
18%
thought
18%
eyes
17%
God,
17%
found
15%
room,
15%
tore
15%
crowded
14%
friends
14%
hiding
14%
tired
14%
soul
13%
ice
12%
him
11%
Ooh,
10%
ooh,
10%
Maybe
8%
long...
6%
Ohh
1%
Aucun quiz correspondant
Distribution des résultats
% des personnes avec chaque résultat
Percentile par nombre de réponses
Votre historique - résultats
Vous n’avez pas pris ce quiz depuis la dernière actualisation